|
|
|
|
| LEADER |
00000nab a2200000 a 4500 |
| 001 |
vtls000843010 |
| 003 |
SK-MaSNL |
| 005 |
20260304125448.0 |
| 008 |
250429c2003 xo 0 slo |
| 015 |
|
|
|a SNBRB2003/09-23155
|
| 035 |
|
|
|a CLN000194665
|
| 035 |
|
|
|a urn:nbn:sk:snk-abaftg
|
| 035 |
|
|
|a (urnnbn)urn:nbn:sk:snk:ar-00867d
|
| 035 |
|
|
|a (uuid)4cb2972f-431b-485e-befb-f8613f3e9522
|
| 040 |
|
|
|a SNKBUCL
|b slo
|c SNKBUCL
|e AACR2
|
| 041 |
0 |
|
|a slo
|
| 044 |
|
|
|a xo
|c SK
|
| 080 |
|
|
|a 94(437.6)"16/17"
|2 1997
|
| 080 |
|
|
|a 94(4)"16/17"
|2 1997
|
| 080 |
|
|
|a 94(439.2)"16/17"
|2 1997
|
| 080 |
|
|
|a 304.2:323.1(=162.4)
|2 1997
|
| 100 |
1 |
|
|a Moravčík, Štefan,
|d 1943-
|4 aut
|9 98697
|
| 245 |
1 |
0 |
|a Trenčianske hodiny smutno bijú-
|c Štefan Moravčík
|
| 300 |
|
|
|b Fotogr.
|
| 600 |
1 |
7 |
|a Magin, Ján Baltazár,
|d 1681-1735
|2 snkbucl
|9 182887
|
| 650 |
0 |
7 |
|a Slováci
|x povedomie národné
|2 snkbucl
|9 344072
|
| 650 |
0 |
7 |
|a povedomie národné slovenské
|2 snkbucl
|9 872153
|
| 655 |
|
7 |
|a články z novín a časopisov
|2 snkbucl
|9 267496
|
| 773 |
0 |
|
|t Literárny týždenník
|g Roč. 16, č. 31 (2003), s. 9
|x 0862-5999
|
| 850 |
|
|
|a Slovenská národná knižnica
|
| 852 |
|
|
|a Slovenská národná knižnica
|
| 954 |
|
|
|a odborná, vedecká literatúra pôvodná (slovenská)
|2 lita
|
| 958 |
|
|
|a article14
|
| 958 |
|
|
|a OND
|
| 958 |
|
|
|a EUIPO
|
| 992 |
|
|
|a RBX
|
| 999 |
|
|
|c 2894113
|d 2896043
|